000 00359 a2200145 4500
005 20260424162055.0
020 _a9781119778561
084 _2CC
_a G:55:(B2817)
100 _aZHANG ( Chunlong)
_913908
245 _a Fundamentals of environmental sampling and analysis
250 _a2
260 _bWiley,
_c2024,
_aUSA
300 _a547p.
942 _cBK
_2CC
999 _c756781
_d756781